| 000 | 00528nmm a2200169Ia 4500 | ||
|---|---|---|---|
| 008 | 251105s9999||||xx |||||||||||||||||und|| | ||
| 020 | _a9781615908134 | ||
| 041 | _aspa | ||
| 100 | _aMitten, Luana | ||
| 245 | 0 | _aMi calendario : los días de la semana = My calendar : days of the week | |
| 264 |
_a[Madrid, España] : _bRourke Educational Media, _c2009 |
||
| 300 | _a24 páginas | ||
| 490 | _aConceptos / Concepts | ||
| 650 | _aAges 3-5 Years Old | ||
| 856 | _uhttps://public.digitaliapublishing.com/a/24600 | ||
| 942 | _cCF | ||
| 999 |
_c75142 _d75142 |
||